| 000 | 00711nam a2200205Ia 4500 | ||
|---|---|---|---|
| 999 |
_c36433 _d36433 |
||
| 001 | 2348 | ||
| 003 | GE_BSU | ||
| 005 | 20221027111953.0 | ||
| 008 | 181216s2011tu xx |||||||||||||| ||tur|| | ||
| 020 | _a9781937271039 | ||
| 040 | _cGE_BSU | ||
| 041 | _atur | ||
| 080 | _a271.22 P–93 | ||
| 245 | _aProklamation. Proklamation of Son Ahman, Even Jesus Christ, To All Peoples of the Earth, Even My Holy Will To Warn All of My Judgment Upon Peoples | ||
| 264 | _c2011. | ||
| 300 | _a245 c.: | ||
| 653 | _aProclamation. Proclamation of Son Ahman, Even Jesus Christ, To All Peoples of the Earth, Even My Holy Will To Warn All of My Judgment Upon Peoples | ||
| 653 | _aრელიგია | ||
| 942 |
_cBK _2udc |
||